Formula One Fastest Laps 2023 - Statistics

General Stats
  • This quiz has been taken 107 times
    89 since last reset
  • The average score is 21 of 22
Answer Stats
Hint Answer % Correct
Monaco GP Lewis Hamilton
99%
Belgium GP Lewis Hamilton
99%
Singapore GP Lewis Hamilton
99%
Mexico GP Lewis Hamilton
99%
Saudi Arabia GP Max Verstappen
99%
Miami GP Max Verstappen
99%
Spain GP Max Verstappen
99%
Austria GP Max Verstappen
99%
British GP Max Verstappen
99%
Hungary GP Max Verstappen
99%
Japanese GP Max Verstappen
99%
Qatar GP Max Verstappen
99%
Abu Dhabi GP Max Verstappen
99%
Australia GP Sergio Perez
97%
Canada GP Sergio Perez
97%
Azerbaijan GP George Russell
94%
Brazil GP Lando Norris
94%
Netherlands GP Fernando Alonso
87%
Italian GP Oscar Piastri
87%
Las Vegas GP Oscar Piastri
87%
Bahrain GP Zhou Guanyu
65%
United States GP Yuki Tsunoda
64%
No matching quizzes found
Score Distribution
Percent of People with Each Score
Percentile by Number Answered
Your Score History
You have not taken this quiz since the last reset